书目信息 |
| 题名: |
基于深度学习的社会信息挖掘应用实例分析
|
|
| 作者: | 梁循 著 | |
| 分册: | ||
| 出版信息: | 北京 科学出版社 2020 |
|
| 页数: | 153页 | |
| 开本: | 24cm | |
| 丛书名: | ||
| 单 册: | ||
| 中图分类: | TP181 , TP183 | |
| 科图分类: | ||
| 主题词: | 机器学习--研究 , 人工神经网络--研究 | |
| 电子资源: | ||
| ISBN: | 978-7-03-065669-8 | |
| 000 | 01145nam0 2200277 450 | |
| 001 | 2168628485 | |
| 005 | 20211116190353.08 | |
| 010 | @a978-7-03-065669-8@dCNY99.00 | |
| 035 | @a010303776 | |
| 035 | @a(A100000NLC)010915483 | |
| 049 | @aA100000NLC@bUCS01010303776@c010915483@dNLC01 | |
| 100 | @a20210407d2020 em y0chiy0110 ea | |
| 101 | 0 | @achi |
| 102 | @aCN@b110000 | |
| 105 | @aa z 000yy | |
| 200 | 1 | @a基于深度学习的社会信息挖掘应用实例分析@9ji yu shen du xue xi de she hui xin xi wa jue ying yong shi li fen xi@b专著@f梁循著 |
| 210 | @a北京@c科学出版社@d2020 | |
| 215 | @a153页@c图@d24cm | |
| 330 | @a本书综合了大量国内外的最新资料和作者的研究成果,以应用实践中的若干问题为研究对象,探索了基于深度神经网络的分析和建模过程,列举了深度神经网络在若干社会信息挖掘的应用;以最新资料案例为例进行社会信息分析和模型构建,给出了实践指导策略;给出了不同机器学习方法的特点与适用场景,并以实际应用场景为例,分析了深度学习的应用。 | |
| 606 | 0 | @a机器学习@x研究 |
| 606 | 0 | @a人工神经网络@x研究 |
| 690 | @aTP181@v5 | |
| 690 | @aTP183@v5 | |
| 701 | 0 | @a梁循@9liang xun@4著 |
| 801 | 0 | @aCN@b山东中教@c20211112 |
| 905 | @aZUCC@dTP181@e34 | |
| 基于深度学习的社会信息挖掘应用实例分析/梁循著.-北京:科学出版社,2020 |
| 153页:图;24cm |
| ISBN 978-7-03-065669-8:CNY99.00 |
| 本书综合了大量国内外的最新资料和作者的研究成果,以应用实践中的若干问题为研究对象,探索了基于深度神经网络的分析和建模过程,列举了深度神经网络在若干社会信息挖掘的应用;以最新资料案例为例进行社会信息分析和模型构建,给出了实践指导策略;给出了不同机器学习方法的特点与适用场景,并以实际应用场景为例,分析了深度学习的应用。 |
| ● |
| 相关链接 |
|
|
|
正题名:基于深度学习的社会信息挖掘应用实例分析
索取号:TP181/34
 
预约/预借
| 序号 | 登录号 | 条形码 | 馆藏地/架位号 | 状态 | 备注 |
| 1 | 2000889207 | 2000889207 | 第三书库/ [索取号:TP181/34] | 在馆 | |
| 2 | 2000889208 | 2000889208 | 第三书库/ [索取号:TP181/34] | 在馆 | |
| 3 | 2000889209 | 2000889209 | 第三书库/ [索取号:TP181/34] | 在馆 |